Представление документа в формате MARC21

Поле Инд. ПП Название Значение
Тип записи a
Библиографический уровень b
001 Контрольный номер 6a25a7408cef4a57ba66d155a221e2c8
005 Дата корректировки 20210828074241.2
040 a Служба первич. каталог. РИНЦ
041 0_ a Код языка текста rus
084 a Индекс другой классификации/Индекс ББК 65.01
097 a Чагина С.Г.
097 a Назина Л.Н.
100 1_ a Автор Клейнер Г. Б.
q Полное имя Клейнер Георгий Борисович
i 000089106
k Кафедра экономики; Факультет экономики и управления
u Дополнение Клейнер Г. Б.
245 10 a Заглавие Устойчивость российской экономики в зеркале системной экономической теории (часть 2)
550 a Прим. об изд. организации Кафедра экономики; Факультет экономики и управления
650 04 a Основная рубрика экономика; экономическая теория
773 18 t Название источника Вопросы экономики
b Сведения об издании Некоммерческое Партнерство "Редакция журнала "Вопросы экономики"
c Москва
d Место и дата издания 2016
m Специф. данные входит в WoS
m Специф. данные входит в ядро РИНЦ
m Специф. данные журнал из перечня ВАК
m Специф. данные ненулевой импакт-фактор
g Прочая информация № 1. - С. 117 - 138
n Примечание http://elibrary.ru/contents.asp?issueid=1546843
w Контрольный № источника 0
856 40 u URL http://elibrary.ru/item.asp?id=25257709
901 t Тип документа b
952 c Вид литературы статья в журнале